000
00303 a2200121 4500
000
nam a22 7a 4500
005
20260302142714.0
020
_a
9781032698946
100
_a
Alexis Akira Toda
_9
1123488
245
_a
Essential Mathematics for Economics
260
_b
CRC Press
_c
2025
942
_c
TEXL
999
_c
1688394
_d
1688394